| 000 | 00348nam a2200145Ia 4500 | ||
|---|---|---|---|
| 008 | 230917s9999||||xx |||||||||||||| ||und|| | ||
| 040 |
_e115608 _aMAIN |
||
| 041 | _aEnglish | ||
| 082 | _a843 F617M | ||
| 100 | _aFlaubert, Gustave | ||
| 245 | 0 | _aMadame Bovary | |
| 260 |
_aNew Delhi _bAtlantic Publishers _c2005 |
||
| 300 | _a360 p. | ||
| 942 | _cBK | ||
| 999 |
_c143952 _d143952 |
||